=LDR 00000nam 2200000 4500 =001 INLIS000000000053222 =005 20180424095904 =035 ##$$a 0010-0418000113 =007 ta =008 180424###########################0###### =020 ##$$a 979-526-171-1 =082 ##$$a 542 =084 ##$$a 542 MUL m =100 #$$a Mulyono =245 1#$$a Membuat reagen kimia di laboraturium /$c Mulyono =250 ##$$a Cet. 2 =260 ##$$a Jakarta :$b Bumi Aksara,$c 2008 =300 ##$$a 258 hlm : $b Ilus ; $c 23 cm =650 ##$$a Laboratorium-kimia =504 ##$$a Bibliogarfi : hlm. 259 =520 ##$$a Indeks : hlm. 260-273 =990 ##$$a 72227222 =990 ##$$a 51800036 =990 ##$$a 13991399